000
00262nam a22001217a 4500
003
SGT
082
_a
576.5
_b
FLE
100
_a
FLETCHER, HUGH
245
_a
BIOS INSTANT NOTES GENETICS
260
_b
GS GARLAND SCIENCE
_c
2015
300
_a
380
942
_2
ddc
_c
BK
_0
10
999
_c
13707
_d
13707